Nhập môn lý thuyết, tập hợp và lôgíc Tài liệu dùng cho các trường Cao đẳng sư phạm và các trường Sư phạm cấp hai 10+3

Uloženo v:
Podrobná bibliografie
Hlavní autor: Phan, Hữu Chân
Další autoři: Trần, Lâm Hách
Médium: Kniha
Jazyk:Vietnamese
Vydáno: H. Giáo dục 1977
Témata:
Tagy: Přidat tag
Žádné tagy, Buďte první, kdo otaguje tento záznam!
Thư viện lưu trữ: Trung tâm Học liệu Lê Vũ Hùng, Trường Đại học Đồng Tháp
LEADER 00880aam a22002418a 4500
001 00029714
005 20171026081025.0
008 121113s1977 ||||||viesd
041 0 # |a vie 
082 1 4 |a 511.3  |b NH123M 
100 1 # |a Phan, Hữu Chân 
245 1 0 |a Nhập môn lý thuyết, tập hợp và lôgíc  |b Tài liệu dùng cho các trường Cao đẳng sư phạm và các trường Sư phạm cấp hai 10+3  |c Phan Hữu Chân, Trần Lâm Hách 
260 # # |a H.  |b Giáo dục  |c 1977 
300 # # |a 364 tr.  |c 21 cm. 
653 # # |a Logic 
653 # # |a Tập hợp 
653 # # |a Toán 
653 # # |a Lý thuyết 
700 1 # |a Trần, Lâm Hách 
852 # # |j KD.0014142 
852 # # |b Kho đọc  |j KD.0014142 
910 |d 13/11/2012 
980 # # |a Trung tâm Học liệu Lê Vũ Hùng, Trường Đại học Đồng Tháp